[Event "II Open Praiascacchi"]
[Site "Praia a Mare ITA"]
[Date "2010.04.01"]
[Round "2"]
[White "Dagnino, Marcello"]
[Black "Palazzotto, Roberto"]
[Result "0-1"]
[WhiteElo "1555"]
[BlackElo "1965"]
[PlyCount "132"]
[EventDate "2010.03.31"]

1. e4 c5 2. Nf3 Nc6 3. d4 cxd4 4. Nxd4 Qb6 5. Nxc6 dxc6 6. Bd3 e5 7. O-O Nf6 8.
h3 Be6 9. Qe2 Be7 10. Nd2 O-O 11. Nf3 Nd7 12. b3 f6 13. Bb2 Rfd8 14. Rad1 Nc5
15. Bc3 Kh8 16. Rd2 Bf7 17. Rfd1 Ne6 18. Bc4 Nf4 19. Rxd8+ Rxd8 20. Rxd8+ Qxd8
21. Qf1 Bxc4 22. Qxc4 Qe8 23. Bd2 b5 24. Qf1 Ne6 25. Be3 Bc5 26. Bxc5 Nxc5 27.
Qe1 Qd8 28. Qd2 Qc7 29. Qe1 Kg8 30. a3 Qf7 31. Qe3 Ne6 32. g3 Qd7 33. Kh2 Qd1
34. Qd3 Qxd3 35. cxd3 a5 36. b4 axb4 37. axb4 c5 38. bxc5 Nxc5 39. Ne1 b4 40.
f4 b3 41. Nf3 Nxd3 42. f5 b2 43. Nd2 Ne1 44. Kh1 Nf3 45. Nb1 Ng5 46. Kg2 Nxe4
47. h4 Kf7 48. Kf3 Nd6 49. g4 h5 50. gxh5 Nxf5 51. Ke2 Nxh4 52. Kd2 Ng2 53. Kc2
Nf4 54. Kxb2 Nxh5 55. Nd2 f5 56. Kc2 g5 57. Kd1 Ke6 58. Ke1 g4 59. Kf2 Kd5 60.
Nf1 f4 61. Nd2 e4 62. Kg2 f3+ 63. Kg1 e3 64. Nf1 Ke4 65. Nh2 e2 66. Kf2 g3+ 0-1

[Event "II Open Praiascacchi"]
[Site "Praia a Mare ITA"]
[Date "2010.04.01"]
[Round "2"]
[White "Di Tomaso, Stefano"]
[Black "Paragliola, Gennaro"]
[Result "0-1"]
[WhiteElo "1389"]
[BlackElo "1600"]
[PlyCount "38"]
[EventDate "2010.03.31"]

1. e4 g6 2. d4 d6 3. Nc3 Bg7 4. Nf3 Nf6 5. g3 O-O 6. Bc4 Nxe4 7. Nxe4 d5 8.
Bxd5 Qxd5 9. Nc3 Qh5 10. O-O Bg4 11. Kg2 Bh3+ 12. Kg1 Bxf1 13. Kxf1 Rd8 14. Be3
Nc6 15. Qd3 Qxf3 16. Qb5 b6 17. Qd3 Qh1+ 18. Ke2 Qxa1 19. Bf4 Nxd4+ 0-1

[Event "II Open Praiascacchi"]
[Site "Praia a Mare ITA"]
[Date "2010.04.01"]
[Round "2"]
[White "Forlano, Luigi"]
[Black "Condorelli, Roberto"]
[Result "1-0"]
[WhiteElo "2011"]
[BlackElo "1605"]
[PlyCount "70"]
[EventDate "2010.03.31"]

1. e4 c6 2. d4 d5 3. exd5 cxd5 4. Bd3 Nc6 5. c3 Qc7 6. h3 Nf6 7. Nf3 g6 8. O-O
Bg7 9. Re1 O-O 10. Bg5 Bf5 11. Bxf5 gxf5 12. Nh4 e6 13. Qf3 Ne4 14. Bf4 Qe7 15.
g3 Kh8 16. Nd2 Bf6 17. Nxe4 dxe4 18. Qh5 Rg8 19. Ng2 Rg6 20. Rad1 Rd8 21. Kh2
Qf8 22. f3 exf3 23. Qxf3 Ne7 24. Qxb7 Ra8 25. c4 Rd8 26. d5 exd5 27. cxd5 Nc8
28. Bc7 Rd7 29. Qc6 Re7 30. Nf4 Rh6 31. d6 Re4 32. Rxe4 fxe4 33. d7 Ne7 34.
d8=Q Qxd8 35. Rxd8+ Kg7 1-0

[Event "II Open Praiascacchi"]
[Site "Praia a Mare ITA"]
[Date "2010.04.01"]
[Round "2"]
[White "Gad, Alessandro"]
[Black "Annuzzi, Giovanni"]
[Result "0-1"]
[WhiteElo "1605"]
[BlackElo "1500"]
[PlyCount "50"]
[EventDate "2010.03.31"]

1. c4 b6 2. Nc3 Bb7 3. d4 e6 4. e3 Nf6 5. f3 Bb4 6. Nge2 O-O 7. a3 Bxc3+ 8.
Nxc3 h6 9. Bd3 Re8 10. e4 d5 11. O-O dxe4 12. Bxe4 Nxe4 13. fxe4 Nc6 14. Be3
Ne7 15. Qg4 Ng6 16. Kh1 Rf8 17. Rf3 Qe7 18. Rh3 e5 19. Nd5 Qd8 20. Rf1 Bc8 21.
Rf5 c6 22. Bg5 Bxf5 23. exf5 Qxg5 24. Qxg5 hxg5 25. fxg6 cxd5 0-1

[Event "II Open Praiascacchi"]
[Site "Praia a Mare ITA"]
[Date "2010.04.01"]
[Round "2"]
[White "Greco, Simone"]
[Black "Gad, Ahmad"]
[Result "0-1"]
[WhiteElo "1587"]
[BlackElo "1963"]
[PlyCount "80"]
[EventDate "2010.03.31"]

1. e4 c5 2. Nf3 Nc6 3. d4 cxd4 4. Nxd4 g6 5. c4 Bg7 6. Be3 d6 7. Nc3 Nf6 8. f3
O-O 9. Be2 Be6 10. Nxe6 fxe6 11. O-O e5 12. Qd2 Kh8 13. Rfd1 Nd7 14. Nd5 Nd4
15. Bg5 Bf6 16. Bh6 Bg7 17. Bg5 Nf6 18. Nxf6 Bxf6 19. Be3 Bg7 20. Bxd4 exd4 21.
Qb4 b6 22. Rd3 Bh6 23. Kf1 Be3 24. Bd1 Rc8 25. Ba4 e5 26. Bb5 Qh4 27. Qe1 Qxh2
28. Rxe3 Qh1+ 29. Kf2 dxe3+ 30. Kxe3 Qxg2 31. Qe2 Qxe2+ 32. Kxe2 Rf4 33. Rh1 a6
34. Bxa6 Ra8 35. Bb7 Rxa2 36. Rb1 Rh4 37. Kd3 Rh3 38. Ke3 Rh2 39. Rd1 Raxb2 40.
f4 Rh3# 0-1

[Event "II Open Praiascacchi"]
[Site "Praia a Mare ITA"]
[Date "2010.04.01"]
[Round "2"]
[White "Guglielmi, Dante"]
[Black "Vacchiano, Salvatore"]
[Result "1-0"]
[WhiteElo "1904"]
[BlackElo "1551"]
[PlyCount "103"]
[EventDate "2010.03.31"]

1. c4 Nf6 2. Nc3 d6 3. g3 g6 4. Bg2 c6 5. e3 Bg7 6. Nge2 O-O 7. O-O Nbd7 8. d4
Nb6 9. b3 Nbd7 10. Bb2 c5 11. Qc2 a6 12. Rad1 Rb8 13. Rd2 b5 14. cxb5 axb5 15.
dxc5 Nxc5 16. Nd4 Bd7 17. Qb1 b4 18. Nd5 Nxd5 19. Bxd5 Qb6 20. Qa1 e5 21. Nf3
Bf5 22. Nh4 Be4 23. Nf3 Bxd5 24. Rxd5 Rbd8 25. Rfd1 Ne6 26. Nd2 Ng5 27. h4 Qb7
28. Nc4 Ne4 29. Qb1 f5 30. Qd3 Nc5 31. Qc2 Ne4 32. Na5 Qa6 33. Nc6 Rc8 34. Ne7+
Kh8 35. Nxc8 Rxc8 36. Qb1 Qe2 37. Rf1 Rc2 38. Qe1 Qxe1 39. Rxe1 Rxb2 40. Ra5
Bf6 41. Ra7 Rxf2 42. Rc1 Nc3 43. Kxf2 e4 44. Rc2 Be5 45. Rb7 h6 46. Rxb4 Kg7
47. a4 d5 48. a5 g5 49. hxg5 hxg5 50. a6 f4 51. gxf4 gxf4 52. exf4 1-0

[Event "II Open Praiascacchi"]
[Site "Praia a Mare ITA"]
[Date "2010.04.01"]
[Round "2"]
[White "Limongi, Raffaele"]
[Black "Rametta, Marcello"]
[Result "0-1"]
[WhiteElo "1404"]
[BlackElo "1785"]
[PlyCount "68"]
[EventDate "2010.03.31"]

1. e4 c5 2. d3 e6 3. Be2 Nc6 4. Bd2 d5 5. Bf3 d4 6. Ne2 Ne5 7. Ng1 Bd6 8. Bf4
Nxd3+ 9. cxd3 Bxf4 10. Ne2 Qa5+ 11. Qd2 Bxd2+ 12. Nxd2 Ne7 13. Rd1 Nc6 14. O-O
Ne5 15. Nb3 Qb5 16. Nbc1 Qxb2 17. Bh5 g6 18. Nf4 gxh5 19. Nxh5 Ke7 20. a4 Rg8
21. g3 b6 22. Rde1 Ba6 23. Nf4 Nf3+ 24. Kg2 Nxe1+ 25. Rxe1 Qd2 26. Rf1 Qxf4 27.
Ne2 Qd2 28. Nc1 Bxd3 29. Nxd3 Qxd3 30. Kg1 Qxe4 31. h4 Qxh4 32. Re1 Rg4 33. f3
Qxg3+ 34. Kf1 Qg2# 0-1

[Event "II Open Praiascacchi"]
[Site "Praia a Mare ITA"]
[Date "2010.04.01"]
[Round "2"]
[White "Ljubisavljevic, Zivojin Z."]
[Black "Di Salvio, Giuseppe"]
[Result "1-0"]
[WhiteElo "2260"]
[BlackElo "1599"]
[PlyCount "99"]
[EventDate "2010.03.31"]

1. d4 d5 2. c4 e6 3. Nc3 Nf6 4. Bg5 Be7 5. e3 Nbd7 6. f4 h6 7. Bxf6 Nxf6 8. Nf3
c6 9. Bd3 O-O 10. O-O dxc4 11. Bxc4 Nd5 12. Qd2 a6 13. e4 Nf6 14. Bb3 Bb4 15.
Rac1 Qc7 16. Nh4 Rd8 17. e5 Nd5 18. Bxd5 cxd5 19. f5 exf5 20. Nxf5 Bxf5 21.
Rxf5 Qd7 22. Rcf1 Rf8 23. R5f3 Rac8 24. Rg3 Rc6 25. Rf6 Kh8 26. h3 Be7 27. Rxc6
bxc6 28. Na4 Qf5 29. Qd3 Qxd3 30. Rxd3 Rb8 31. a3 Bd8 32. Kf2 Kg8 33. Rc3 Bb6
34. Ke3 Bd8 35. Rxc6 Bg5+ 36. Kd3 Rb3+ 37. Rc3 Rb8 38. b4 Be7 39. Rc7 Bd8 40.
Rc5 a5 41. Rxd5 axb4 42. axb4 Be7 43. b5 Kf8 44. Nc5 Ke8 45. Na6 Rb7 46. g4 Bd8
47. Kc4 Ke7 48. Rd6 f6 49. Nc5 Rc7 50. b6 1-0

[Event "II Open Praiascacchi"]
[Site "Praia a Mare ITA"]
[Date "2010.04.01"]
[Round "2"]
[White "Mercuri, Delia"]
[Black "Brogneri, Giovanni"]
[Result "0-1"]
[WhiteElo "1520"]
[BlackElo "1661"]
[PlyCount "124"]
[EventDate "2010.03.31"]

1. e4 c5 2. c3 d5 3. exd5 Qxd5 4. Nf3 Nf6 5. d4 e6 6. c4 Qd8 7. Be3 Ng4 8. Bg5
f6 9. Bh4 cxd4 10. h3 Nh6 11. Qxd4 Qxd4 12. Nxd4 Bb4+ 13. Nd2 Bxd2+ 14. Kxd2
Bd7 15. Re1 Kf7 16. c5 Nc6 17. Nb5 Nf5 18. Nd6+ Nxd6 19. cxd6 e5 20. f4 Rhd8
21. fxe5 Nxe5 22. Bf2 Be6 23. Bc5 b6 24. Ba3 Bc4 25. Rc1 Rac8 26. b3 Bxf1 27.
Rhxf1 Ke6 28. Ke3 a5 29. Rfd1 Kd7 30. Ke4 Nf7 31. Kd5 b5 32. Bc5 Rc6 33. Ba3
Rdc8 34. Re1 Ne5 35. Rxc6 Rxc6 36. Rc1 Rxc1 37. Bxc1 Nd3 38. Bd2 a4 39. bxa4
bxa4 40. a3 g5 41. g3 h5 42. Bc3 f5 43. Bf6 f4 44. Ke4 Nf2+ 45. Kf3 Nxh3 46.
gxf4 g4+ 47. Kg3 Kxd6 48. Kh4 Nxf4 49. Bg5 Ne6 50. Be3 Ng7 51. Kg5 Ke5 52. Bf4+
Ke4 53. Bg3 Kf3 54. Be5 Ne6+ 55. Kxh5 Nf4+ 56. Kg5 Nd3 57. Bd4 g3 58. Kh4 g2
59. Bg1 Nf4 60. Bc5 Ne2 61. Kh3 g1=Q 62. Bxg1 Nxg1+ 0-1

[Event "II Open Praiascacchi"]
[Site "Praia a Mare ITA"]
[Date "2010.04.01"]
[Round "2"]
[White "Minucci, Veronica"]
[Black "Cardinale, Francesco"]
[Result "0-1"]
[WhiteElo "1374"]
[BlackElo "1600"]
[PlyCount "78"]
[EventDate "2010.03.31"]

1. e4 c6 2. Nc3 d5 3. d4 dxe4 4. Nxe4 Bf5 5. f3 Qc7 6. Be3 e6 7. g4 Bg6 8. Ne2
Nd7 9. Bf4 Qa5+ 10. c3 Bxe4 11. fxe4 Ngf6 12. Ng3 Rd8 13. g5 Ng8 14. Bh3 Nb6
15. Bc7 Rd7 16. Bxb6 Qxb6 17. Qc2 Qb5 18. e5 Ne7 19. Rf1 c5 20. Qf2 Nd5 21. Ne4
cxd4 22. cxd4 Qb4+ 23. Qd2 Ne3 24. Nd6+ Bxd6 25. exd6 Qxd2+ 26. Kxd2 Nxf1+ 27.
Bxf1 Rxd6 28. Bb5+ Kd8 29. Ke3 Rd5 30. a4 Rxg5 31. Bc4 Rg2 32. Rd1 Re8 33. Bb5
Re7 34. Bf1 Rxh2 35. b3 Rc7 36. Bd3 Rc3 37. Rf1 Rh3+ 38. Rf3 Rxf3+ 39. Kxf3
Rxd3+ 0-1

[Event "II Open Praiascacchi"]
[Site "Praia a Mare ITA"]
[Date "2010.04.01"]
[Round "2"]
[White "Simone, Leo"]
[Black "Orenga, Antonio"]
[Result "0-1"]
[WhiteElo "1921"]
[BlackElo "1404"]
[PlyCount "120"]
[EventDate "2010.03.31"]

1. d4 d5 2. Nf3 Nf6 3. Bf4 e6 4. e3 Be7 5. c4 Nbd7 6. Nc3 a6 7. Rc1 c6 8. Bd3
O-O 9. O-O dxc4 10. Bxc4 Nd5 11. Bg3 Re8 12. a3 N7f6 13. h3 Nxc3 14. Rxc3 Ne4
15. Rc2 Nxg3 16. fxg3 b5 17. Bd3 Bb7 18. Ne5 Rf8 19. Nxc6 Qd6 20. Nxe7+ Qxe7
21. Rcf2 Qg5 22. Qe2 Bd5 23. Rf4 f5 24. g4 Rae8 25. gxf5 exf5 26. Rxf5 Rxf5 27.
Rxf5 Qxe3+ 28. Qxe3 Rxe3 29. Rxd5 Rxd3 30. Rd6 Rb3 31. Rxa6 Rxb2 32. d5 b4 33.
axb4 Rxb4 34. Kf2 Rb2+ 35. Kf3 Rd2 36. Ke4 Rxg2 37. Ra3 Rd2 38. Ke5 Re2+ 39.
Kd6 Kf7 40. Rc3 Ke8 41. Kc6 Kd8 42. Kd6 Ke8 43. Rc8+ Kf7 44. Rc7+ Kf8 45. Kd7
Re7+ 46. Kc6 Re3 47. d6 Rd3 48. Kd7 Rxh3 49. Kc8 Ra3 50. d7 Ra8+ 51. Kb7 Rd8
52. Kc6 Ke7 53. Rb7 g5 54. Rb5 Rxd7 55. Re5+ Kf6 56. Re8 Rg7 57. Kd6 Kf5 58.
Rf8+ Kg4 59. Ke5 h5 60. Ke4 Re7+ 0-1

[Event "II Open Praiascacchi"]
[Site "Praia a Mare ITA"]
[Date "2010.04.01"]
[Round "2"]
[White "Stoduto, Francesco"]
[Black "Carlomagno, Vincenzo"]
[Result "0-1"]
[WhiteElo "1485"]
[BlackElo "1863"]
[PlyCount "80"]
[EventDate "2010.03.31"]

1. d3 c5 2. e3 d5 3. b3 Nc6 4. Bb2 e5 5. Nd2 Nf6 6. Ngf3 Bd6 7. c3 O-O 8. c4
Re8 9. Be2 d4 10. e4 h6 11. Nh4 Bc7 12. O-O Nh7 13. Ndf3 Ne7 14. Bc1 g5 15. Nf5
Nxf5 16. exf5 Bxf5 17. Nd2 Nf6 18. g4 Bg6 19. Bf3 Qd6 20. Ne4 Nxe4 21. Bxe4 Kg7
22. f3 Rab8 23. Qe2 Rf8 24. Bxg6 Qxg6 25. a3 b5 26. Bd2 bxc4 27. bxc4 Rb3 28.
Qe4 Rxd3 29. Qb7 Bb6 30. Be1 Qd6 31. Bg3 Rb8 32. Qd5 Qxd5 33. cxd5 f6 34. Rfe1
Rd8 35. d6 Kf7 36. Ra2 c4 37. f4 gxf4 38. Bxf4 exf4 39. Re7+ Kf8 40. Rae2 Re3
0-1

[Event "II Open Praiascacchi"]
[Site "Praia a Mare ITA"]
[Date "2010.04.01"]
[Round "2"]
[White "Tarantino, Gianfranco"]
[Black "Maradei, Francesco"]
[Result "1-0"]
[WhiteElo "1613"]
[BlackElo "1440"]
[PlyCount "73"]
[EventDate "2010.03.31"]

1. e4 e5 2. Nf3 Nc6 3. Bc4 d6 4. Nc3 Nf6 5. d3 Be6 6. Nd5 g6 7. Nxf6+ Qxf6 8.
Bg5 Qg7 9. Bxe6 fxe6 10. O-O Be7 11. c3 O-O 12. Qb3 Rxf3 13. Bxe7 Rxd3 14.
Qxe6+ Qf7 15. Qg4 Nxe7 16. Qe2 Qc4 17. Rac1 d5 18. b3 Rxc3 19. Qxc4 Rxc4 20.
bxc4 dxc4 21. Rxc4 Nc6 22. f4 b5 23. Rxc6 Re8 24. Rxc7 a5 25. fxe5 Rxe5 26. Rd1
Re8 27. e5 b4 28. Rdd7 a4 29. e6 b3 30. Rg7+ Kh8 31. Rxh7+ Kg8 32. Rcg7+ Kf8
33. axb3 axb3 34. Rb7 g5 35. Rxb3 Kg8 36. Rbb7 Kf8 37. Rh8# 1-0

[Event "II Open Praiascacchi"]
[Site "Praia a Mare ITA"]
[Date "2010.04.01"]
[Round "2"]
[White "Violi, Vincenzo"]
[Black "Valguarnera, Girolamo"]
[Result "0-1"]
[WhiteElo "1599"]
[BlackElo "2121"]
[PlyCount "46"]
[EventDate "2010.03.31"]

1. e4 e5 2. Nf3 d5 3. d4 dxe4 4. Nxe5 Bd6 5. Nc4 Be7 6. Nc3 Nf6 7. Bf4 O-O 8.
Qd2 Nc6 9. O-O-O Nb4 10. d5 Bg4 11. Be2 Bxe2 12. Qxe2 Nfxd5 13. Qxe4 c6 14. a3
Nxc3 15. bxc3 Nd5 16. Kb2 Re8 17. Qd4 b5 18. Ne5 Qa5 19. Ra1 Rac8 20. Bd2 Nb6
21. c4 Qa4 22. Bc3 Bf6 23. Qc5 Bxe5 0-1

[Event "II Open Praiascacchi"]
[Site "Praia a Mare ITA"]
[Date "2010.04.01"]
[Round "3"]
[White "Brogneri, Giovanni"]
[Black "Forlano, Luigi"]
[Result "0-1"]
[WhiteElo "1661"]
[BlackElo "2011"]
[PlyCount "34"]
[EventDate "2010.03.31"]

1. e4 c5 2. Nc3 g6 3. g3 Bg7 4. Bg2 Nc6 5. d3 Rb8 6. Be3 d6 7. Rb1 Nf6 8. f3
O-O 9. Nge2 b5 10. a4 b4 11. Nd5 b3 12. c3 Nxd5 13. exd5 Ne5 14. Nc1 c4 15.
dxc4 Bf5 16. Ra1 Nxc4 17. Qe2 Bxc3+ 0-1

[Event "II Open Praiascacchi"]
[Site "Praia a Mare ITA"]
[Date "2010.04.01"]
[Round "3"]
[White "Cardinale, Francesco"]
[Black "Cordi', Domenico"]
[Result "0-1"]
[WhiteElo "1600"]
[BlackElo "2055"]
[PlyCount "66"]
[EventDate "2010.03.31"]

1. e4 Nf6 2. Nc3 d5 3. exd5 Nxd5 4. Nxd5 Qxd5 5. Qf3 c6 6. Qxd5 cxd5 7. Bb5+
Bd7 8. Bxd7+ Nxd7 9. d4 g6 10. Nf3 Bg7 11. Bf4 O-O 12. O-O Rfc8 13. c3 Rc6 14.
Rfe1 e6 15. Ne5 Nxe5 16. Bxe5 Bxe5 17. Rxe5 b5 18. a3 a5 19. Re2 Rac8 20. Rc2
b4 21. Rac1 bxa3 22. bxa3 Rc4 23. f4 Ra4 24. h4 Rxa3 25. c4 dxc4 26. Rxc4 Rxc4
27. Rxc4 Ra1+ 28. Kf2 a4 29. Kg3 a3 30. Ra4 a2 31. Kg4 Kg7 32. g3 h5+ 33. Kf3
Rf1+ 0-1

[Event "II Open Praiascacchi"]
[Site "Praia a Mare ITA"]
[Date "2010.04.01"]
[Round "3"]
[White "Carlomagno, Vincenzo"]
[Black "Dagnino, Marcello"]
[Result "1-0"]
[WhiteElo "1863"]
[BlackElo "1555"]
[PlyCount "37"]
[EventDate "2010.03.31"]

1. d4 d5 2. c4 c6 3. Nf3 Nf6 4. Nc3 dxc4 5. a4 Bf5 6. e3 e6 7. Bxc4 Nbd7 8. O-O
Qc7 9. Qe2 Bg4 10. e4 Bxf3 11. Qxf3 Nb6 12. Bb3 Be7 13. Bf4 Qd8 14. Rfd1 Nbd7
15. a5 a6 16. d5 exd5 17. exd5 cxd5 18. Nxd5 Nxd5 19. Qxd5 1-0

[Event "II Open Praiascacchi"]
[Site "Praia a Mare ITA"]
[Date "2010.04.01"]
[Round "3"]
[White "Condorelli, Roberto"]
[Black "Mercuri, Delia"]
[Result "1-0"]
[WhiteElo "1605"]
[BlackElo "1520"]
[PlyCount "101"]
[EventDate "2010.03.31"]

1. Nf3 Nc6 2. d4 d5 3. c4 e6 4. Nc3 Bb4 5. cxd5 Qxd5 6. a3 Bxc3+ 7. bxc3 a6 8.
Bf4 Qa5 9. Bd2 Qd5 10. e3 Qd8 11. Bd3 Nf6 12. O-O O-O 13. e4 Ne8 14. Qc2 Ne7
15. Bg5 f6 16. Bh4 Ng6 17. Bg3 c6 18. Bc4 b5 19. Ba2 Kh8 20. Rad1 Nc7 21. Rfe1
Ra7 22. Bb1 Bd7 23. Qd2 Qc8 24. h4 Re8 25. h5 Nf8 26. Qd3 e5 27. dxe5 Bg4 28.
exf6 Nce6 29. fxg7+ Nxg7 30. h6 Rd7 31. hxg7+ Kxg7 32. Qc2 Bxf3 33. gxf3 Rf7
34. Kg2 Rf6 35. Qd2 Rh6 36. Rh1 Rxh1 37. Rxh1 Qe6 38. Rh4 Re7 39. Ba2 Qc8 40.
Qd4+ Kg6 41. Qd6+ Re6 42. Bxe6 Nxe6 43. Rg4+ Kf7 44. Qe5 Qf8 45. Qf5+ Ke7 46.
Qxf8+ Nxf8 47. Rg7+ Ke6 48. Ra7 h5 49. Rxa6 Kd7 50. Ra7+ Ke6 51. Rc7 1-0

[Event "II Open Praiascacchi"]
[Site "Praia a Mare ITA"]
[Date "2010.04.01"]
[Round "3"]
[White "Di Salvio, Giuseppe"]
[Black "Tarantino, Gianfranco"]
[Result "1-0"]
[WhiteElo "1599"]
[BlackElo "1613"]
[PlyCount "75"]
[EventDate "2010.03.31"]

1. e4 e5 2. d4 exd4 3. c3 Nc6 4. Nf3 dxc3 5. Bc4 d5 6. Bxd5 Qe7 7. O-O Nf6 8.
Nxc3 Be6 9. Qa4 Bd7 10. Qd1 Ne5 11. Nxe5 Qxe5 12. Qb3 Nxd5 13. exd5 Bd6 14. g3
O-O 15. Bf4 Qh5 16. Bxd6 Qf3 17. Qd1 Qxd1 18. Raxd1 cxd6 19. Rfe1 Bg4 20. Rd4
f5 21. Kg2 Rae8 22. Rxe8 Rxe8 23. f3 Bh5 24. Kf2 a6 25. h3 b5 26. g4 fxg4 27.
hxg4 Bf7 28. a3 g6 29. f4 Rc8 30. g5 Rc4 31. Rxc4 bxc4 32. Ke3 Be8 33. Kd4 h6
34. gxh6 Kh7 35. Ne4 Kxh6 36. Nxd6 Bd7 37. Nxc4 Kh5 38. Ne5 1-0

[Event "II Open Praiascacchi"]
[Site "Praia a Mare ITA"]
[Date "2010.04.01"]
[Round "3"]
[White "Di Tomaso, Saverio"]
[Black "Mammoliti, Salvatore Remig"]
[Result "1/2-1/2"]
[WhiteElo "1464"]
[BlackElo "1416"]
[PlyCount "74"]
[EventDate "2010.03.31"]

1. e4 e6 2. d4 Nc6 3. Nf3 h6 4. Nc3 a6 5. Be3 Bb4 6. Qd2 Nge7 7. a3 Ba5 8. b4
Bb6 9. Bc4 O-O 10. O-O d6 11. Rad1 d5 12. exd5 exd5 13. Bb3 Nf5 14. Nxd5 Nxe3
15. Nxe3 Ne7 16. Qd3 Be6 17. Bxe6 fxe6 18. c3 Nd5 19. Nxd5 Qxd5 20. c4 Qf5 21.
Qxf5 Rxf5 22. Rd2 c6 23. c5 Bc7 24. Re1 Re8 25. Ne5 Bxe5 26. Rxe5 Rf6 27. g3
Kf7 28. f4 Rf5 29. Rde2 Re7 30. Rxf5+ exf5 31. Rxe7+ Kxe7 32. Kf2 Ke6 33. Ke3
Kd5 34. Kd3 g6 35. h3 g5 36. fxg5 hxg5 37. a4 Ke6 1/2-1/2

[Event "II Open Praiascacchi"]
[Site "Praia a Mare ITA"]
[Date "2010.04.01"]
[Round "3"]
[White "Familari, Giuseppe"]
[Black "Greco, Simone"]
[Result "1-0"]
[WhiteElo "1891"]
[BlackElo "1587"]
[PlyCount "43"]
[EventDate "2010.03.31"]

1. e4 c5 2. c3 d5 3. exd5 Qxd5 4. d4 Nf6 5. Nf3 Bg4 6. Nbd2 e6 7. Qa4+ Nc6 8.
Bb5 Be7 9. O-O O-O 10. Re1 Rfd8 11. Ne5 Nxe5 12. dxe5 Bf5 13. exf6 Bxf6 14. Nf3
a6 15. Bc4 Qd6 16. Bf1 b5 17. Qf4 Qb6 18. Be3 Qc6 19. Rad1 Bc2 20. Rxd8+ Rxd8
21. Ne5 Qd5 22. Ng4 1-0

[Event "II Open Praiascacchi"]
[Site "Praia a Mare ITA"]
[Date "2010.04.01"]
[Round "3"]
[White "Fiorentino, Vincenzo"]
[Black "Gad, Alessandro"]
[Result "0-1"]
[WhiteElo "1575"]
[BlackElo "1605"]
[PlyCount "92"]
[EventDate "2010.03.31"]

1. d4 Nf6 2. c4 e6 3. Nc3 Bb4 4. Qb3 Bxc3+ 5. bxc3 b6 6. Bg5 h6 7. Bh4 Nc6 8.
e3 Na5 9. Qc2 Ba6 10. Bxf6 Qxf6 11. Qa4 Rc8 12. Nf3 O-O 13. Ne5 Qe7 14. Nxd7
Qe8 15. c5 Bb7 16. Bb5 c6 17. Nxf8 cxb5 18. Qb4 Qxf8 19. cxb6 axb6 20. O-O Qxb4
21. cxb4 Nc6 22. a3 Kh7 23. Rac1 Rd8 24. Rfd1 Kg6 25. f3 f5 26. Rc3 f4 27. Kf2
fxe3+ 28. Kxe3 Ne7 29. Kf2 Nd5 30. Rc2 Ra8 31. Re2 Kf6 32. Ra1 Rc8 33. h4 Rc4
34. g4 Rxd4 35. g5+ hxg5 36. hxg5+ Kf5 37. Rae1 Nf4 38. Re5+ Kg6 39. Kg3 Bd5
40. R5e3 Kxg5 41. Kh2 Rd2+ 42. Kh1 Kh4 43. Rg1 g5 44. Rc3 Ne2 45. Rg4+ Kh3 46.
Rc1 Nxc1 0-1

[Event "II Open Praiascacchi"]
[Site "Praia a Mare ITA"]
[Date "2010.04.01"]
[Round "3"]
[White "Gad, Ahmad"]
[Black "Annuzzi, Giovanni"]
[Result "1-0"]
[WhiteElo "1963"]
[BlackElo "1500"]
[PlyCount "65"]
[EventDate "2010.03.31"]

1. e4 b6 2. d4 Bb7 3. Nc3 e6 4. Bd3 Bb4 5. a3 Bxc3+ 6. bxc3 h6 7. Ne2 Ne7 8. f3
d6 9. O-O Nd7 10. c4 c5 11. d5 e5 12. Kh1 g5 13. g3 Ng6 14. f4 gxf4 15. gxf4
Qh4 16. Ng3 Ne7 17. Bb2 f6 18. fxe5 Nxe5 19. Qh5+ N7g6 20. Qxh4 Nxh4 21. Rxf6
Ke7 22. Bxe5 dxe5 23. Raf1 Rh7 24. Re6+ Kd7 25. Rxe5 Ng6 26. Ref5 Re8 27. e5
Rhe7 28. Ne4 Nxe5 29. Nf6+ Kd8 30. Nxe8 Rxe8 31. Rf8 b5 32. Rxe8+ Kxe8 33. Re1
1-0

[Event "II Open Praiascacchi"]
[Site "Praia a Mare ITA"]
[Date "2010.04.01"]
[Round "3"]
[White "Giacoia, Dario"]
[Black "Stoduto, Francesco"]
[Result "0-1"]
[WhiteElo "1571"]
[BlackElo "1485"]
[PlyCount "54"]
[EventDate "2010.03.31"]

1. e4 e6 2. d4 d5 3. e5 c5 4. c3 Nc6 5. Bb5 Bd7 6. Bxc6 Bxc6 7. Qg4 Qb6 8. Ne2
Bb5 9. Bg5 Qa6 10. b3 h6 11. Bh4 g6 12. f4 h5 13. Qf3 Nh6 14. a4 Bd3 15. Na3
Nf5 16. Bf6 Be4 17. Qf2 Rg8 18. Nb5 Qa5 19. dxc5 Kd7 20. O-O a6 21. Na3 Bxc5
22. Nd4 Qxc3 23. Rac1 Qxd4 24. Qxd4 Bxd4+ 25. Kh1 Bb2 26. Nc4 dxc4 27. Rxc4 Ne3
0-1

[Event "II Open Praiascacchi"]
[Site "Praia a Mare ITA"]
[Date "2010.04.01"]
[Round "3"]
[White "Maradei, Francesco"]
[Black "Limongi, Raffaele"]
[Result "1/2-1/2"]
[WhiteElo "1440"]
[BlackElo "1404"]
[PlyCount "82"]
[EventDate "2010.03.31"]

1. Nf3 d5 2. d4 e6 3. Nc3 Nc6 4. Bg5 f6 5. Bf4 Bb4 6. e3 b6 7. a3 Bd6 8. Bb5
Bb7 9. Bxc6+ Bxc6 10. a4 Bxf4 11. exf4 Qd7 12. O-O O-O-O 13. Nb5 Kb8 14. Qd3
Bb7 15. c4 f5 16. cxd5 Bxd5 17. Ne5 Qe7 18. Nc3 Bb7 19. a5 Rd6 20. Nb5 Rd8 21.
a6 Be4 22. Qxe4 fxe4 23. Nc6+ Ka8 24. Nxe7 Nxe7 25. Nxc7+ Kb8 26. Nxe6 Rdg8 27.
Rac1 g6 28. Rc7 Nd5 29. Ng5 Nxc7 30. Nf7 Re8 31. Nxh8 Rxh8 32. Re1 Re8 33. f3
exf3 34. Rxe8+ Nxe8 35. gxf3 Nd6 36. d5 Nc4 37. b3 Na5 38. d6 Kc8 39. b4 Nc4
40. Kg2 Nxd6 41. h4 h5 1/2-1/2

[Event "II Open Praiascacchi"]
[Site "Praia a Mare ITA"]
[Date "2010.04.01"]
[Round "3"]
[White "Orenga, Antonio"]
[Black "Cottone, Salvatore"]
[Result "1-0"]
[WhiteElo "1404"]
[BlackElo "1963"]
[PlyCount "62"]
[EventDate "2010.03.31"]

1. e4 d6 2. d3 e5 3. f4 Nf6 4. Nf3 Nbd7 5. Nc3 c6 6. Be2 Be7 7. O-O Qb6+ 8. Kh1
Ng4 9. d4 Bf6 10. Na4 Qa5 11. c3 b5 12. fxe5 dxe5 13. Nc5 exd4 14. b4 Qc7 15.
cxd4 a5 16. e5 Ndxe5 17. dxe5 Nxe5 18. Bf4 Qe7 19. Nxe5 Bxe5 20. Bxe5 Qxe5 21.
Bxb5 O-O 22. Bxc6 Rb8 23. Nd7 Bxd7 24. Qxd7 Rxb4 25. Rae1 Rf4 26. a4 h5 27. g3
Rxf1+ 28. Rxf1 Qe2 29. Qf5 Qg4 30. Be4 Rd8 31. Qxf7+ Kh8 1-0

[Event "II Open Praiascacchi"]
[Site "Praia a Mare ITA"]
[Date "2010.04.01"]
[Round "3"]
[White "Palazzotto, Roberto"]
[Black "Ljubisavljevic, Zivojin Z."]
[Result "1/2-1/2"]
[WhiteElo "1965"]
[BlackElo "2260"]
[PlyCount "121"]
[EventDate "2010.03.31"]

1. e4 d5 2. exd5 Nf6 3. Nf3 Nxd5 4. d4 Bf5 5. c3 e6 6. Bd3 Bxd3 7. Qxd3 c6 8.
O-O Be7 9. Re1 O-O 10. Qc2 a5 11. Nbd2 Nd7 12. Ne4 N5f6 13. Nxf6+ Bxf6 14. Bf4
Re8 15. Rad1 Qb6 16. Nd2 Be7 17. Nc4 Qd8 18. Bd6 Nf8 19. Bg3 a4 20. Ne5 Bd6 21.
c4 f6 22. Nf3 Bxg3 23. hxg3 Qa5 24. Nd2 Red8 25. Ne4 a3 26. b3 Qf5 27. c5 Rd7
28. Qc4 Qd5 29. Nd6 b6 30. Rc1 bxc5 31. dxc5 Qxc4 32. Rxc4 e5 33. f4 Ng6 34.
Ree4 f5 35. Nxf5 Rd1+ 36. Kf2 Rf8 37. Nd6 exf4 38. gxf4 Rd2+ 39. Re2 Rxe2+ 40.
Kxe2 Nxf4+ 41. Kf2 g5 42. Kg1 h5 43. g3 Ne2+ 44. Kg2 g4 45. Ra4 Rf3 46. Ne4 Nc3
47. Nxc3 Rxc3 48. Rxa3 Rxc5 49. Ra8+ Kf7 50. b4 Rc2+ 51. Kg1 Rb2 52. a3 Rb3 53.
Kg2 Ke6 54. Rh8 Rxa3 55. Rxh5 Rb3 56. Rc5 Rb2+ 57. Kg1 Rxb4 58. Rxc6+ Kf5 59.
Rc8 Ke4 60. Rf8 Ke3 61. Kg2 1/2-1/2

[Event "II Open Praiascacchi"]
[Site "Praia a Mare ITA"]
[Date "2010.04.01"]
[Round "3"]
[White "Paragliola, Gennaro"]
[Black "Alagia, Pietro"]
[Result "1-0"]
[WhiteElo "1600"]
[BlackElo "1688"]
[PlyCount "57"]
[EventDate "2010.03.31"]

1. d4 d5 2. c4 c6 3. cxd5 cxd5 4. Nc3 g6 5. Nf3 Bg7 6. Bf4 Nf6 7. e3 O-O 8. Rc1
Bg4 9. h3 Bf5 10. Be2 Nc6 11. O-O Ne4 12. Qb3 Nxc3 13. Rxc3 Qd7 14. Bb5 a6 15.
Bxc6 bxc6 16. Ne5 Bxe5 17. Bxe5 Ra7 18. Qa4 f6 19. Bg3 Rc8 20. Rfc1 Qb7 21.
Rxc6 Rxc6 22. Qxc6 Qxb2 23. Qe8+ Kg7 24. Qc6 Qxa2 25. Bb8 Bd7 26. Qc5 Rb7 27.
Qxe7+ Kh6 28. Bf4+ Kh5 29. Qxh7# 1-0